| 000 | 00547nam a2200169Ia 4500 | ||
|---|---|---|---|
| 005 | 20260601193247.0 | ||
| 008 | 260601s9999||||xx |||||||||||||| ||und|| | ||
| 020 |
_a978-3-031-64073-5 _qebk |
||
| 100 | _aBoris Shishkov | ||
| 245 | 0 | _aBusiness Modeling and Software Design | |
| 250 | _a2024 | ||
| 260 |
_aHeidelberg, Germany _bSpringer Nature _c2024 |
||
| 440 | _aLecture Notes in Business Information Processing | ||
| 650 | _aComputer Science | ||
| 856 | _uhttps://link.springer.com/openurl?genre=book&isbn=978-3-031-64073-5 | ||
| 942 |
_cEB _2ddc |
||
| 999 |
_c56596 _d56596 |
||